书目信息 |
| 题名: |
城市河流污染控制理论与生态修复技术
|
|
| 作者: | 金相灿 主编 | |
| 分册: | ||
| 出版信息: | 北京 科学出版社 2015.05 |
|
| 页数: | 253页 | |
| 开本: | 25cm | |
| 丛书名: | ||
| 单 册: | ||
| 中图分类: | X522 | |
| 科图分类: | ||
| 主题词: | 城市--河流污染--污染防治--研究 | |
| 电子资源: | ||
| ISBN: | 978-7-03-044186-7 | |
| 000 | 00830nam0 2200217 450 | |
| 001 | 4590 | |
| 005 | 20181012134746.45 | |
| 010 | @a978-7-03-044186-7@b精装@dCNY88.00 | |
| 100 | @a20150814d2015 em y0chiy50 ea | |
| 101 | 0 | @achi |
| 102 | @aCN@b110000 | |
| 105 | @aa z 000yy | |
| 200 | 1 | @a城市河流污染控制理论与生态修复技术@9cheng shi he liu wu ran kong zhi li lun yu sheng tai xiu fu ji shu@f金相灿[等]主编 |
| 210 | @a北京@c科学出版社@d2015.05 | |
| 215 | @a253页@c图@d25cm | |
| 330 | @a本书着重研究与讨论城市河流在城市化进程中的自然特征变迁、环境状态变化、生态系统演变及其带来的主要环境问题,阐述了城市河流中的有机化合物、重金属与营养盐的污染机理等。 | |
| 606 | 0 | @a城市@x河流污染@x污染防治@x研究 |
| 690 | @aX522@v5 | |
| 701 | 0 | @a金相灿@9jin xiang can@4主编 |
| 801 | 0 | @aCN@b91MARC@c20150814 |
| 905 | @aMuseLib@dX522@e196 | |
| 城市河流污染控制理论与生态修复技术/金相灿[等]主编.-北京:科学出版社,2015.05 |
| 253页:图;25cm |
| ISBN 978-7-03-044186-7(精装):CNY88.00 |
| 本书着重研究与讨论城市河流在城市化进程中的自然特征变迁、环境状态变化、生态系统演变及其带来的主要环境问题,阐述了城市河流中的有机化合物、重金属与营养盐的污染机理等。 |
| ● |
| 相关链接 |
|
|
|
|
正题名:城市河流污染控制理论与生态修复技术
索取号:X522/196
 
预约/预借
| 序号 | 登录号 | 条形码 | 馆藏地/架位号 | 状态 | 备注 |
| 1 | 1125861 | 211258618 | 第二样本阅览室/ [索取号:X522/196] | 在馆 | |
| 2 | 1125862 | 211258627 | 第三借阅区/ [索取号:X522/196] | 在馆 | |
| 3 | 1125863 | 211258636 | 第三借阅区/ [索取号:X522/196] | 在馆 | |
| 4 | 1125864 | 211258645 | 密集书库-资源管理系/ [索取号:X522/196] | 在馆 | |
| 5 | 1125865 | 211258654 | 第三借阅区/ [索取号:X522/196] | 在馆 |